00824nam a2200193Ia 4500001001100000003001000011008004100021040002500062041001300087100002300100245007800123250001100201260008800212300001200300500008400312501011400396520008400510650003600594L200-55190IT-CnALBA170116s9999||||xx |||||||||||||| ||und|| aIT-CnALBAcIT-CnALBA aITALIANO aLAMBIASI FRANCESCO 0aSUI PASSI DI GESÙ. ESERCIZI DI CONTEMPLAZIONE CON L'EVANGELISTA MARCO.  a1a ed. aROMAbAVE, ANONIMA VERITA'S EDITRICEc2003 [1° Ed.:2003 - Ed.Ling.Originale: 2003] a126 p.  aIL VANGELO. GESÙ, IL SERVO LA VIA IL PASTORE IL MESSIA. IL FIGLIO E LA VITA.  aSocietà San Paolo EM - Piazza San Paolo, 14 - 12051 ALBA (CN) (non commercial uses only) ® Copyright 2017 aIL VANGELO. GESÙ, IL SERVO LA VIA IL PASTORE IL MESSIA. IL FIGLIO E LA VITA.  aRELIGIONE - RELIGIONE CRISTIANA